000 01871nam a22004457a 4500
003 CHAP
005 20220329133235.0
008 971013s1991 r 10010 d
010 _a3800
011 _a4772
035 _a3976
040 _cCHAP
082 _a338.170972
_bS4
111 0 0 _aSeminario Nacional el Tratado de Libre Comercio y su Impacto en el Sector Agropecuario y Forestal (
_d1991
_c: Chapingo, Méx.)
_9104219
245 _aPrograma y resúmenes de ponencias
260 _aChapingo, Méx. :
_bUACH. Departamento de Economía Agrícola,
_c1991
300 _ac.a. 75 h.
500 _aD51-126
590 _aBATCH-UPD
_b10
_c20130109
_lUCH01
_h2355
590 _aBATCH-UPD
_b10
_c20130110
_lUCH01
_h1046
590 _aBATCH-UPD
_b10
_c20130409
_lUCH01
_h1928
590 _aBATCH-UPD
_b10
_c20130410
_lUCH01
_h0644
590 _aBATCH-UPD
_b10
_c20130914
_lUCH01
_h1336
590 _aCONVERSION
_b10
_c20130109
_lUCH01
_h1303
650 1 4 _aAgricultura
_xAspectos economicos
_zMexico.
_91312
650 1 4 _aAranceles.
_96487
650 1 4 _aExportación e importación
_zMéxico.
_939119
650 1 4 _aProductos agrícolas
_xAspectos económicos
_zMéxico.
_991919
650 1 4 _aProductos agrícolas
_xMercadeo.
_991951
650 1 4 _aProductos forestales
_xMercadeo.
_992092
650 1 4 _aProductos pecuarios
_xMercadeo
_xMéxico.
_992184
901 _aBK
942 _cLIBRO
949 _a338.170972 S4
_bBC
_cLIBRO
_d33724000110912
_eLIBRO
_fc.4
_h80570
_i3976
_mD
_si
949 _a338.170972 S4
_bBC
_cLIBRO
_d33724000110920
_eLIBRO
_fc.3
_h80569
_i3976
_mD
_si
949 _a338.170972 S4
_bBC
_cLIBRO
_d33724000110938
_eLIBRO
_fc.2
_h80568
_i3976
_mD
_si
949 _a338.170972 S4
_bBC
_cLIBRO
_d33724000110946
_eLIBRO
_h80567
_i3976
_mD
_si
949 _a338.170972 S4
_bBC
_cUACH
_d-150258
_eUACH
_fc.6
_h81862
_i3976
_si
949 _a338.170972 S4
_bBC
_cUACH
_d-73876
_eUACH
_fc.5
_h80571
_i3976
_mD
_si
999 _c3800
_d3800